सुरस आणि चमत्कारिक गोष्टी भाग ३ (Record no. 1070084)

MARC details
000 -LEADER
fixed length control field 00792nam a2200193Ia 4500
008 - FIXED-LENGTH DATA ELEMENTS--GENERAL INFORMATION
fixed length control field 151119s9999||||xx |||||||||||||| ||und||
082 ## - DEWEY DECIMAL CLASSIFICATION NUMBER
Classification number 892.3
082 ## - DEWEY DECIMAL CLASSIFICATION NUMBER
Item number GKKV16841
100 ## - MAIN ENTRY--PERSONAL NAME
Personal name चिपळूणकर विष्णुशास्त्री
245 ## - TITLE STATEMENT
Title सुरस आणि चमत्कारिक गोष्टी भाग ३
260 ## - PUBLICATION, DISTRIBUTION, ETC. (IMPRINT)
Place of publication, distribution, etc --
260 ## - PUBLICATION, DISTRIBUTION, ETC. (IMPRINT)
Name of publisher, distributor, etc --
260 ## - PUBLICATION, DISTRIBUTION, ETC. (IMPRINT)
Date of publication, distribution, etc 1980
600 ## - SUBJECT ADDED ENTRY--PERSONAL NAME
Personal name चिपळूणकर विष्णुशास्त्री
630 ## - SUBJECT ADDED ENTRY--UNIFORM TITLE
Uniform title सुरस आणि चमत्कारिक गोष्टी भाग ३
700 ## - ADDED ENTRY--PERSONAL NAME
Personal name चिपळूणकर विष्णुशास्त्री
730 ## - ADDED ENTRY--UNIFORM TITLE
Uniform title सुरस आणि चमत्कारिक गोष्टी भाग ३
942 ## - ADDED ENTRY ELEMENTS (KOHA)
Koha item type Book
Holdings
Withdrawn status Lost status Damaged status Not for loan Home library Current library Date acquired Cost, normal purchase price Total Checkouts Full call number Barcode Date last seen Cost, replacement price Price effective from Koha item type
        G.K. Khandekar Vachanalaya, Mulund G.K. Khandekar Vachanalaya, Mulund 08/29/2012 0.00   GKKV16841 GKKV16841 11/19/2015 0.00 11/19/2015 Book